000 00454nam a2200181Ia 4500
001 9328
005 20260306161710.0
008 260306t2013||||xx |||||||||||||| ||spa||
041 _aESP
082 _a378.1
_bY915
100 _aYamada, Gustavo
_eAUT
245 0 _aCalidad y acreditación superior:
_bretos urgentes para el perú
260 _c2013
300 _a213 páginas :
_c21 cm.
650 _aGEN
654 _aCED
942 _cLIB
_dJUS
_fJUS
_2ddc
_n
999 _c9328
_d9328